00374 2200157 4500245005200000020002200052250001000074700001900084650002000103005001900123260003300142041001400175084000800189300001000197336000900207 aWorld Ghost Stories EropacAgus WijiyantohText a978-602-455-481-1 aCet.1 aAgus Wijiyanto aFiksi Indonesia a20240925144331 aJakartabBhuana Ilmu Populer aIndonesia a700 a186 : atext